00878 2200337 4500001002100000005001500021035002000036007000300056040001700059100002200076245002900098250001200127300003600139504002000175020001800195041000800213082001000221084001600231090002000247264003300267336002100300337003000321338002300351650002300374850001000397008004100407990002300448990002300471990002300494990002300517INLIS00000000000563420260427103228 a0010-0222000724ta aSBPUPADbInd0 aKasmirePengarang1 aPemasaran Bank /cKasmir a.-cet.2 axiv,414 hlm. :billus. ;c23 cm aBibliografi,hlm a979-3465-50-6 aInd a332.1 a332.1 KAS p a332.6 PAN p 9-3 a.--Jakarta :bKencana,c2005 2rdacontentaTeks 2rdamediaaTanpa Perantara 2rdacarrieraVolume 4aBank dan Perbankan aPUPAD260427 0  a6297/BR/ARPUS/2007 a6298/BR/ARPUS/2007 a6299/BR/ARPUS/2007 a6300/BR/ARPUS/2007